Knowledge representation

Saved in:
Bibliografiske detaljer
Hovedforfatter: Markman, Arthur B. (autor)
Format: Bog
Sprog:engelsk
Udgivet: Mahwah Lawrence Erlbaum Associates 1999
Fag:
Tags: Tilføj Tag
Ingen Tags, Vær først til at tagge denne postø!

MARC

LEADER 00000nam a2200000 a 4500
001 UCN5838
003 CL-VaPUC
008 010913e19990000us |||||||||||||||||eng|d
082 0 4 |a 153  |b MAR  |2 21 
100 |a Markman, Arthur B.  |e autor  |9 471005 
245 1 0 |a Knowledge representation 
300 |a 329 p 
942 |c BK 
945 |d 20010913 00:00:00  |a rbrito 
260 |a Mahwah  |b Lawrence Erlbaum Associates  |c 1999 
650 0 |a Inteligencia  |9 267038 
650 0 |a Mente  |9 330838 
650 0 |a Cognición   |9 270347 
650 7 |a DESARROLLO DE LOS PROCESOS MENTALES  |2 CL-VaPUC  |9 334692 
650 0 |a Pensamiento  |9 307612 
583 |a last modification  |c 20171120 06:03:46  |k Rodrigo Vera 
999 |c 296981  |d 296979 
952 |0 0  |1 0  |4 0  |6 153_000000000000000_MAR_1999  |7 0  |8 A  |9 351345  |a FDOPOS  |b FDOPOS  |d 2019-11-21  |i 3690202  |o 153 MAR 1999  |p 3690202  |r 2025-01-22  |w 2019-11-21  |y BK  |k MLA 
952 |0 0  |1 0  |4 0  |6 153_000000000000000_MAR_1999  |7 0  |8 A  |9 351346  |a FDOPOS  |b FDOPOS  |d 2019-11-21  |i 3835901  |o 153 MAR 1999  |p 3835901  |r 2025-01-22  |w 2019-11-21  |y BK  |k MLA